00835cam a2200193 450000100060000000300080000600500170001400800410003103500190007204000320009104100080012308200180013110000200014924502500016926000510041930000440047065000530051471000740056710461BD-RjUL20211208234946.0140123s1969 pk k 001 0 eng  a(BD-RjUL)10509 aDLCcDLCdDLCdBD-RjULbeng aeng00a340bHAL 19691 aHasan, Masudul.10aLaw and practice of basic democracies & local government in Pakistan :bbeing an exhaustive and critical commentary on the Basic democracies order, 1959 with up-to-date caselaw, rules, notifications, and government circulars. /cby Masudul Hasan aLahore :bAll Pakistan Legal Decisions,c1969. aviii, 531, 266, xx p. :bforms.c25 cm. 0aLocal governmentxLaw and legislationzPakistan.12aPakistan.kLaws, statutes, etc.tBasic democracies order, 1959. 1969.